000 01473nam a2200433 i 4500
001 26292
003 KOSZ 005
005 20201006120216.0
008 060125s1974 pl a f f |000 0 pol
015 _aPB 1974/6222
040 _aWA N
_cWA N
_dKOSZ 005/HR
041 0 _apol
046 _k1974
080 _a624.01/.07
080 _a528
080 _a(075.8)
100 1 _aPrzewłocki, Stefan
_d(1933- )
_eAutor
245 1 0 _aGeodezyjne metody kształtowania geometrycznego konstrukcji powłokowych /
_cStefan Przewłocki.
260 _aŁódź :
_bPolitechnika Łódzka,
_c1974.
300 _a235 s., [6] s. tabl. :
_bil., wykr. ;
_c25 cm.
336 _2rdacontent
_aTekst
_btxt
337 _2rdamedia
_aBez urządzenia pośredniczącego
_bn
338 _2rdacarrier
_aWolumin
_bnc
380 _aKsiążki
380 _aPublikacje dydaktyczne
385 _mPoziom nauczania
_aSzkoły wyższe
388 _a1901-2000
388 _a1945-1989
490 1 _aSkrypty dla Szkół Wyższych / Politechnika Łódzka.
504 _aBibliogr.
650 4 _aPowłoki (budownictwo)
650 4 _aKonstrukcje budowlane
650 4 _aGeodezja
655 4 _aPodręczniki akademickie
658 _aArchitektura i budownictwo
830 0 _aSkrypty dla Szkół Wyższych - Politechnika Łódzka
856 _uhttp://koha.tu.koszalin.pl/cgi-bin/koha/opac-detail.pl?biblionumber=26291
_yKatalog online BPK
942 _2UKD
_cKS
999 _c26291
_d26291